高知県の市町村 (地図付き) - Statistics

General Stats
  • This quiz has been taken 199 times
  • The average score is 23 of 34
Answers on the Map
Answers color-coded by a green-red scale on the quiz's map according to % correct below.
 
Answer Stats
市町村 % Correct
高知市
99%
四万十町
93%
四万十市
93%
室戸市
91%
土佐町
90%
土佐市
90%
南国市
88%
土佐清水市
88%
宿毛市
82%
安芸市
79%
須崎市
78%
香美市
74%
香南市
74%
いの町
73%
奈半利町
71%
馬路村
67%
東洋町
64%
黒潮町
63%
仁淀川町
60%
檮原町
59%
大月町
58%
芸西村
56%
中土佐町
56%
佐川町
55%
大川村
54%
田野町
52%
大豊町
51%
三原村
51%
北川村
46%
日高村
46%
越知町
43%
津野町
43%
安田町
42%
本山町
41%
No matching quizzes found
Score Distribution
Percent of People with Each Score
Percentile by Number Answered
Your Score History
You have not taken this quiz